LEADERSHIP AND CHANGE MANAGEMENT (Record no. 13955)
[ view plain ]
| 000 -LEADER | |
|---|---|
| fixed length control field | 00337nam a2200133Ia 4500 |
| 008 - FIXED-LENGTH DATA ELEMENTS--GENERAL INFORMATION | |
| fixed length control field | 240624s9999 xx 000 0 und d |
| 041 ## - LANGUAGE CODE | |
| Language code of text/sound track or separate title | eng |
| 082 ## - DEWEY DECIMAL CLASSIFICATION NUMBER | |
| Classification number | 658.4092 BEE |
| 100 ## - MAIN ENTRY--PERSONAL NAME | |
| Personal name | BEEREL ANNABEL |
| 245 ## - TITLE STATEMENT | |
| Title | LEADERSHIP AND CHANGE MANAGEMENT |
| 260 ## - PUBLICATION, DISTRIBUTION, ETC. | |
| Date of publication, distribution, etc. | 2009 |
| Place of publication, distribution, etc. | New Delhi |
| Name of publisher, distributor, etc. | Sage Publications |
| 300 ## - PHYSICAL DESCRIPTION | |
| Extent | 288 : p. |
| 365 ## - TRADE PRICE | |
| Currency code | BPS |
| Price amount | 30 |
| Withdrawn status | Lost status | Damaged status | Not for loan | Home library | Current library | Shelving location | Date acquired | Source of acquisition | Cost, normal purchase price | Total Holds | Full call number | Barcode | Date last seen | Copy number | Price effective from | Koha item type |
|---|---|---|---|---|---|---|---|---|---|---|---|---|---|---|---|---|
| Missing | IMTN | IMTN | Rack 30-B | 10/27/2009 | AP | 29.99 | 1334 | 658.4092 BEE | 13955 | 06/24/2024 | 83.9 | 06/24/2024 | Books |